00419nam a2200145Ia 4500008004100000020001500041041001200056082001600068100001600084245010700100260002500207300000800232650001600240700001700256221030s9999 xx 000 0 und d a8120309278 aEnglish a105.23bCom aD. E. Comer 0aInternetworking With TCP/ IP Vol. II : Design,Implementation & Internalscby D. E. Comer, D.I. Stevens bPHIaNew Delhic2001 a612 aBE Computer aD.I. Stevens